00497nam a2200097Ia 4500008004100000100005900041245020000100260002700300650002000327856005200347171212s9999 xx 000 0 und d aWynn, Barbara O.;Smalley, Robert;Cordasco, Kristina M. cWynn, Barbara O.;Smalley, Robert;Cordasco, Kristina M.aDoes It Cost More to Train Residents or to Replace Them?bA Look at the Costs and Benefits of Operating Graduate Medical Education Programs bRAND Corporationc2013 aHealth Sciences uhttp://www.jstor.org/stable/10.7249/j.ctt5hhs96